Sotto il sole giaguaro : presentaziones dell´autore /
Guardado en:
| Autor principal: | |
|---|---|
| Formato: | Libro |
| Lenguaje: | Italian |
| Publicado: |
Milano :
Arnoldo Mondadori editor
1995
|
| Edición: | 1. edición |
| Materias: | |
| Acceso en línea: | http://www.bibliotecabertoliana.it/giornata2012/scansioni/Udito%20Calvino%20Sotto%20il%20sole%20giaguaro%20pp.%2079-90.pdf |
| Etiquetas: |
Agregar Etiqueta
Sin Etiquetas, Sea el primero en etiquetar este registro!
|
MARC
| LEADER | 00000nam a22000007a 4500 | ||
|---|---|---|---|
| 001 | 2415219 | ||
| 005 | 20140702020959.0 | ||
| 008 | 860903s1995 it 000 0 ita | ||
| 040 | |a DLC |c DLC |d DLC |d cru CIICLA Universidad de Costa Rica | ||
| 082 | |a 853.914 |b C161s | ||
| 100 | 1 | |a Calvino, Italo. | |
| 245 | 1 | 0 | |a Sotto il sole giaguaro : |c Italo Calvino |b presentaziones dell´autore / |
| 250 | |a 1. edición | ||
| 260 | |a Milano : |b Arnoldo Mondadori editor |c 1995 | ||
| 300 | |a xliii, 92 páginas | ||
| 500 | |a Reimpresiones: 2001 | ||
| 600 | 1 | 2 | |a CALVINO, ITALO |
| 650 | |a LITERATURA ITALIANA |v CUENTOS | ||
| 856 | |u http://www.bibliotecabertoliana.it/giornata2012/scansioni/Udito%20Calvino%20Sotto%20il%20sole%20giaguaro%20pp.%2079-90.pdf | ||
| 942 | |2 ddc |c BK | ||
| 999 | |c 3339 |d 3339 | ||
